[Event "Birmingham op"]
[Site "Birmingham"]
[Date "2022.11.20"]
[Round "5"]
[White "Basson, Heinrich"]
[Black "Cheon, Sehyuk"]
[Result "1/2-1/2"]
[WhiteElo "1979"]
[BlackElo "2088"]
[PlyCount "48"]
[EventDate "2022.11.19"]
[EventType "swiss"]
[EventRounds "5"]
[EventCountry "ENG"]
[SourceTitle "CBM 211 Extra"]
[Source "ChessBase"]
[SourceDate "2023.01.31"]
[SourceVersion "1"]
[SourceVersionDate "2023.01.31"]
[SourceQuality "1"]

1. d4 d5 2. Nf3 Nf6 3. Bf4 c5 4. c3 Nc6 5. e3 Qb6 6. Qc1 c4 7. Nbd2 Bf5 8. b3 cxb3 9. axb3 e6 10. h3 Rc8 11. Qb2 Be7 12. Be2 0-0 13. 0-0 Ne4 14. Nxe4 Bxe4 15. Nd2 Bg6 16. Bf3 Rfd8 17. e4 dxe4 18. Bxe4 Bxe4 19. Nxe4 a6 20. Be3 Qb5 21. Rfd1 Na5 22. Rab1 Qc6 23. f3 b5 24. Rbc1 Nb7 1/2-1/2

[Event "IECC O-4853"]
[Site "IECC email"]
[Date "2019.10.20"]
[Round "?"]
[White "Basson, Heinrich"]
[Black "Che, Tai"]
[Result "0-1"]
[WhiteElo "1259"]
[BlackElo "1299"]
[PlyCount "58"]
[EventDate "2019.??.??"]
[EventType "swiss (corr)"]
[EventRounds "2"]
[SourceTitle "Corr 2024"]
[Source "ChessBase"]
[SourceDate "2023.10.19"]
[SourceVersion "1"]
[SourceVersionDate "2023.10.19"]
[SourceQuality "1"]
[WhiteTeam "Südafrika"]
[BlackTeam "Kanada"]
[WhiteTeamCountry "RSA"]
[BlackTeamCountry "CAN"]

1. Nf3 Nf6 2. g3 d5 3. Bg2 c5 4. 0-0 Nc6 5. d4 c4 6. c3 Bg4 7. h3 Bxf3 8. Bxf3 e5 9. dxe5 Nxe5 10. Bg2 Bd6 11. Bxd5 Nxd5 12. Qxd5 Qc7 13. Bf4 0-0 14. Nd2 Rad8 15. Qb5 a6 16. Qa4 Ng6 17. Bxd6 Rxd6 18. Qc2 Rfd8 19. Nf3 Qd7 20. b3 cxb3 21. axb3 Qxh3 22. Ra4 h5 23. Qe4 Rd1 24. Ne1 h4 25. Qg2 Qe6 26. e3 Qxb3 27. Rd4 R8xd4 28. cxd4 hxg3 29. Qxg3 Qb4 0-1

[Event "IECC CL5-2018.02 email"]
[Site "IECC email"]
[Date "2018.08.29"]
[Round "?"]
[White "Basson, Heinrich"]
[Black "Mariani, Danilo"]
[Result "0-1"]
[WhiteElo "1507"]
[BlackElo "1458"]
[PlyCount "22"]
[EventDate "2018.??.??"]
[EventType "tourn (corr)"]
[EventRounds "4"]
[SourceTitle "Corr 2020"]
[Source "ChessBase"]
[SourceDate "2019.09.30"]
[SourceVersion "1"]
[SourceVersionDate "2019.09.30"]
[SourceQuality "1"]
[WhiteTeam "South Africa"]
[BlackTeam "Italy"]
[WhiteTeamCountry "RSA"]
[BlackTeamCountry "ITA"]

1. Nf3 g6 2. g3 Bg7 3. Bg2 d5 4. 0-0 e5 5. d4 e4 6. Ne5 c5 7. h3 Ne7 8. a3 cxd4 9. Ng4 Nf5 10. c4 Be6 11. cxd5 Bxd5 0-1

[Event "Johannesburg Sandton op"]
[Site "Johannesburg"]
[Date "2018.05.19"]
[Round "1"]
[White "Basson, Heinrich"]
[Black "De Abreu, Roberto N"]
[Result "0-1"]
[WhiteElo "1840"]
[BlackElo "2047"]
[PlyCount "44"]
[EventDate "2018.05.19"]
[EventType "swiss"]
[EventRounds "10"]
[EventCountry "RSA"]
[SourceTitle "CBM 184 Extra"]
[Source "ChessBase"]
[SourceDate "2018.06.28"]
[SourceVersion "1"]
[SourceVersionDate "2018.06.28"]
[SourceQuality "1"]

1. d4 Nf6 2. Nf3 c5 3. c3 b6 4. Bf4 Bb7 5. e3 g6 6. Nbd2 Bg7 7. Bd3 d5 8. b3 0-0 9. h4 Qc8 10. h5 Nxh5 11. Rxh5 gxh5 12. Ne5 cxd4 13. Qxh5 f5 14. Ke2 Qe6 15. cxd4 Bxe5 16. Bxe5 Qg6 17. Qh2 Ba6 18. Bxa6 Nxa6 19. Rh1 Nb4 20. a3 Nc6 21. Bf4 Rac8 22. Qg1 Nxd4+ 0-1

[Event "IECC CL4-2017.03 email"]
[Site "IECC email"]
[Date "2017.11.25"]
[Round "?"]
[White "Basson, Heinrich"]
[Black "Zidar, Uwe"]
[Result "1/2-1/2"]
[WhiteElo "1737"]
[BlackElo "1626"]
[PlyCount "23"]
[EventDate "2017.??.??"]
[EventType "tourn (corr)"]
[EventRounds "4"]
[SourceTitle "Corr 2020"]
[Source "ChessBase"]
[SourceDate "2019.09.30"]
[SourceVersion "1"]
[SourceVersionDate "2019.09.30"]
[SourceQuality "1"]
[WhiteTeam "South Africa"]
[BlackTeam "Germany"]
[WhiteTeamCountry "RSA"]
[BlackTeamCountry "GER"]

1. d4 Nf6 2. c4 g6 3. Nf3 Bg7 4. Nc3 d5 5. e3 0-0 6. Be2 c5 7. 0-0 cxd4 8. exd4 Nc6 9. Ne5 dxc4 10. Bxc4 Qxd4 11. Nxc6 Qxc4 12. Nxe7+ 1/2-1/2

[Event "Plzen op 9th"]
[Site "Plzen"]
[Date "2017.11.23"]
[Round "5"]
[White "Basson, Heinrich"]
[Black "Vlk, Miloslav"]
[Result "1-0"]
[WhiteElo "1939"]
[BlackElo "2000"]
[PlyCount "43"]
[EventDate "2017.11.19"]
[EventType "swiss"]
[EventRounds "7"]
[EventCountry "CZE"]
[SourceTitle "CBM 181 Extra"]
[Source "ChessBase"]
[SourceDate "2017.12.12"]
[SourceVersion "1"]
[SourceVersionDate "2017.12.12"]
[SourceQuality "1"]

1. d4 d5 2. Bf4 Nf6 3. Nf3 e6 4. e3 Be7 5. c3 0-0 6. Nbd2 c5 7. Bd3 Nc6 8. Ne5 a6 9. a4 Nxe5 10. Bxe5 Nd7 11. Bg3 f5 12. 0-0 Nf6 13. f3 Bd7 14. b3 Bc6 15. Qe2 Bd6 16. Bxd6 Qxd6 17. Rad1 Rfb8 18. e4 dxe4 19. fxe4 e5 20. d5 fxe4 21. Nxe4 Bxd5 22. Nxd6 1-0

[Event "Brno op 7th"]
[Site "Brno"]
[Date "2017.11.14"]
[Round "5"]
[White "Basson, Heinrich"]
[Black "Feldvabl, Vilem"]
[Result "1-0"]
[WhiteElo "1939"]
[BlackElo "1642"]
[PlyCount "83"]
[EventDate "2017.11.11"]
[EventType "swiss"]
[EventRounds "9"]
[EventCountry "CZE"]
[SourceTitle "CBM 181 Extra"]
[Source "ChessBase"]
[SourceDate "2017.12.12"]
[SourceVersion "1"]
[SourceVersionDate "2017.12.12"]
[SourceQuality "1"]

1. d4 d5 2. c4 e6 3. Nf3 Nf6 4. Nc3 Be7 5. Bf4 Bd6 6. Bg5 Be7 7. e3 h6 8. Bh4 0-0 9. Bd3 Nbd7 10. c5 c6 11. Bc2 b6 12. b4 a5 13. a3 bxc5 14. bxc5 Ba6 15. Bd3 Bxd3 16. Qxd3 Nh5 17. Bxe7 Qxe7 18. 0-0 Rfb8 19. e4 Rb3 20. Qc2 Rab8 21. Rab1 Rxb1 22. Rxb1 Qd8 23. g3 Rxb1+ 24. Qxb1 Qb8 25. Qxb8+ Nxb8 26. Kf1 Kf8 27. Ke2 Ke7 28. Ke3 g5 29. Ne5 Ng7 30. f3 f6 31. Nd3 f5 32. exd5 exd5 33. Nc1 Ne6 34. f4 Nd8 35. fxg5 hxg5 36. Nb3 Nb7 37. h4 Kf6 38. Kf3 Kg6 39. Na4 Nd7 40. Nb6 Nxb6 41. cxb6 Kh5 42. Nc5 1-0

[Event "Helsingor Xtracon op"]
[Site "Helsingor"]
[Date "2017.07.26"]
[Round "6"]
[White "Basson, Heinrich"]
[Black "Rolvag, Mikael"]
[Result "1/2-1/2"]
[WhiteElo "1937"]
[BlackElo "2182"]
[PlyCount "45"]
[EventDate "2017.07.22"]
[EventType "swiss"]
[EventRounds "10"]
[EventCountry "DEN"]
[SourceTitle "CBM 179 Extra"]
[Source "ChessBase"]
[SourceDate "2017.08.23"]
[SourceVersion "1"]
[SourceVersionDate "2017.08.23"]
[SourceQuality "1"]

1. d4 Nf6 2. c4 e6 3. Nf3 Bb4+ 4. Bd2 Qe7 5. Bxb4 Qxb4+ 6. Qd2 Qxd2+ 7. Nbxd2 d6 8. e3 c5 9. Bd3 Ke7 10. Ke2 Nbd7 11. a3 b6 12. Rhc1 Bb7 13. Rc2 h6 14. Rb1 g5 15. h4 Rab8 16. g3 g4 17. Ne1 Rhc8 18. b4 Rc7 19. Nb3 Rbc8 20. Rbc1 Ba8 21. Kd2 Rb8 22. Rb2 Rbc8 23. Rbc2 1/2-1/2